Contemporary Namibia the political geography of decolonization
Αποθηκεύτηκε σε:
| Κύριος συγγραφέας: | |
|---|---|
| Μορφή: | Βιβλίο |
| Γλώσσα: | English |
| Δημοσίευση: |
Oxford :
School of geography, University of Oxford,
1983
|
| Σειρά: | Research paper (University of Oxford. School of Geography)
; 31 |
| Θέματα: | |
| Ετικέτες: |
Προσθήκη ετικέτας
Δεν υπάρχουν, Καταχωρήστε ετικέτα πρώτοι!
|
MARC
| LEADER | 00000nam a2200000 i 4500 | ||
|---|---|---|---|
| 001 | 1/100410 | ||
| 008 | 000201s1983 eng d | ||
| 020 | |a 0-901691-32-1 | ||
| 035 | |l 10057269 | ||
| 040 | |a GR-MY-UA |b gre |e aacr | ||
| 041 | 0 | |a eng | |
| 082 | 0 | |a 320.9688 | |
| 100 | 1 | |a Simon, David |d 1957- | |
| 245 | 1 | 0 | |a Contemporary Namibia the political geography of decolonization / |c David Simon |
| 260 | |a Oxford : |b School of geography, University of Oxford, |c 1983 | ||
| 300 | |a 37 p. | ||
| 490 | 1 | |a Research paper (University of Oxford. School of Geography) |v ; 31 | |
| 504 | |a Bibliography: p. 34-37 | ||
| 650 | 0 | 0 | |a National liberation movements |z Namibia. |
| 651 | 0 | |a Namibia |x Politics and government |y 1946-1990. | |
| 651 | 0 | |a South Africa |x Politics and government |y 1978-1989. | |
| 651 | 0 | |a Namibia |x Strategic aspects. | |
| 830 | 0 | |a Research paper (University of Oxford. School of Geography) |v ; 31 | |
| 852 | |a INST |b LESVOS |e 20000201 |h 320.9688 SIM |p 005100021357 |q 005100021357 |t BK |y 0 | ||
| 901 | |a BIBL1-2000-1 | ||
| 909 | |a Λ |b 072716 | ||
| 922 | |a 1ΕΛΗ |b 199912 |c ΚΠΣ/ΤΓ |d LEADER | ||
| 950 | |a 118-1999-09-03 | ||
| 970 | |a ΤΖΑΦΕΡΗ |b ΕΥΑΓΓΕΛΙΑ |z 2000/02/24 | ||